000 00792cab a2200253 4500
001 WB2938-15
008 090401t1993 xxu||||| |||| 00| 0 eng d
035 _a(Sirsi) u48012
041 _aeng
245 _aCaution in housing LSVTs
260 _c1993
350 _a0
490 _aMunicipal Journal
_v(40) 8 October 1993, 8(1)
520 _aAn Audit Commission report, "Who wins", warns against hasty transfer of council housing, advocating a careful analysis of the benifits and drawbacks of an irreversible process.
650 _aCOUNCIL HOUSING
650 _aHOUSING ASSOCIATIONS
650 _aHOUSING STOCK
650 _aLOCAL AUTHORITIES
650 _aTRANSFER
650 _aVOLUNTARY TRANSFER
690 _aBlock management
_96220
942 _n0
948 _c04/03/1997
999 _c30179
_d30179